000
00331nam a2200133Ia 4500
008
240624s9999 xx 000 0 und d
041
_a
eng
082
_a
371.3 BER
100
_a
BERSIN JOSH
245
_a
BLENDED LEARNING BOOK BEST PRACTICES PRO
260
_c
2004
_a
San Francisco
_b
Pfeiffer
300
_a
352 : p.
365
_c
_b
25
999
_c
20244
_d
20244